000 00600nam a2200169Ia 4500
008 1992xxkao er a 1 |engdd
020 _a727306030
040 _aNG-ZaABU
050 _aTJ 1060
100 _aBaker, Alan K.
245 0 _aIndustrial brake and clutch design:
_bA ferodo design manual. /
_cby Alan K. Baker
260 _aLondon
_bPentech Press
_c1992
300 _avii, 111p.: ill.
500 _aIncludes index
650 _aMechanical engineering and machinery
999 _c23024
_d23024